Movies Quiz

Random Movies or Disney Quiz

Gadgets and Gizmos Aplenty: More Disney Objects Quiz Stats

 Plays Quiz not verified by Sporcle

Score 0/20 Timer 06:00
0 Plays Today
% Correct
Sleeping Beauty
97.8%
Lady and the Tramp
95.3%
Alice in Wonderland
94.9%
Beauty and the Beast
91%
Frozen
90.9%
The Little Mermaid
90.2%
Cinderella
88.5%
Snow White and the Seven Dwarfs
87.4%
The Jungle Book
85.5%
Mulan
83.5%
% Correct
Lilo and Stitch
81.3%
Wreck-It Ralph
79.6%
Aladdin
74.4%
Tangled
73.9%
Hercules
72.3%
The Hunchback of Notre Dame
72.1%
Brave
70.5%
The Emperor's New Groove
67.1%
The Princess and the Frog
59.6%
Treasure Planet
46.5%

You're not logged in!

Compare scores with friends on all Sporcle quizzes.
OR
Log In

You Might Also Like...

Show Comments

Extras

Top Quizzes Today


Score Distribution

Your Account Isn't Verified!

In order to create a playlist on Sporcle, you need to verify the email address you used during registration. Go to your Sporcle Settings to finish the process.

Report this User

Report this user for behavior that violates our Community Guidelines.

Details: